000 03310cam a2200409 a 4500
999 _c79398
_d316675
001 299701100
003 OCoLC
005 20210304190335.0
008 090121t20102010moua b 001 0 eng
010 _a2009930550
020 _a9780443069420
020 _a0443069425
040 _aNLM
_cNLM
_dBTCTA
_dYDXCP
_dAIC
_dWS$
_dVET
_dUKM
_dMMU
_dCDX
_dTULIB
_dUtOrBLW
042 _anlmcopyc
060 0 0 _a2009 I-791
060 1 0 _aWE 168
_bO7626 2010
082 0 4 _a615.82
_222
_bORP
090 _aRD736.P47
_bO79 2010
245 0 0 _aOrthopaedic physical therapy /
_c[edited by] Robert A. Donatelli, Michael J. Wooden
250 _aFourth edition
264 1 _aSt. Louis, MO :
_bChurchill Livingstone/Elsevier,
_c[2010]
264 4 _c℗♭2010
300 _axiv, 771 pages :
_billustrations ;
_c29 cm
504 _aIncludes bibliographical references and index
505 0 _aFundamental principles -- Tissue response -- Exercise treatment of the rehabilitation patient: cardiopulmonary and peripheral responses -- Theory and practice of muscle strengthening in orthopaedic physical therapy -- Strength training concepts in the orthopaedic patient -- Symptom investigation -- Upper quarter -- Upper quarter evaluation: structural relationships and interdependence -- Temporomandibular disorders, head and orofacial pain: cervical spine considerations -- Dysfunction, evaluation, and treatment of the cervical spine and thoracic inlet -- Differential diagnosis and mobilization of the cervical and upper thoracic spine -- Shoulder -- Dysfunction, evaluation, and treatment of the elbow -- Dysfunction, evaluation, and treatment of the wrist and hand -- Reconstructive surgery of the wrist and hand -- Mobilization of the upper extremity -- Evaluation and training of the core -- Lower quarter -- Neuromuscular training -- Lumbopelvic system: anatomy, physiology, motor control, instability, and description of a unique treatment modality -- Advances in lumbar spine surgery -- Evaluation, diagnosis, and treatment of the lumbar-pelvic-hip complex -- Surgical treatment and rehabilitation of the hip complex -- Dysfunction, evaluation, and treatment of the knee -- Surgery of the knee and rehabilitation principles -- Dysfunction, evaluation, and treatment of the foot and ankle -- Overview of foot orthotics and prescription -- New advances in foot and ankle surgery and rehabilitation -- Mobilization of the lower extremity -- Special considerations -- Soft tissue mobilization -- Somatosensory, vestibular, and visual sensory integration: implications for neuromuscular control and balance in orthopaedic practice -- Exercises for the trunk, shoulder, hip, and knee: electromyographic evidence -- Evaluation and treatment of neural tissue pain disorders -- Manual therapy techniques for the thoracolumbar spine
650 0 _aOrthopedics
_988269
650 0 _aPhysical therapy
_988270
650 4 _aOrthopedic procedures
_vMethods
_988271
650 4 _aMusculoskeletal diseases
_xTherapy
_938497
650 4 _aPhysical therapy modalities
_988272
650 1 2 _aOrthopedic Procedures
_xmethods
_956096
650 2 2 _aMusculoskeletal Diseases
_xtherapy
_938497
650 2 2 _aPhysical Therapy Modalities
_988273
700 1 _aDonatelli, Robert
_988274
700 1 _aWooden, Michael J
_988275
942 _2ddc
_cBOOK